Lingue di Jetpunk - Statistics

Statistiche generali
  • Questo quiz è stato fatto 26 volte
    3 dall'ultimo reset
  • Il punteggio medio è 21 su 30
Statistiche sulle risposte
Lingua % Corretto
Arabo
100%
Cinese
100%
Finlandese
100%
Francese
100%
Giapponese
100%
Inglese
100%
Italiano
100%
Norvegese
100%
Olandese
100%
Polacco
100%
Portoghese
100%
Russo
100%
Spagnolo
100%
Svedese
100%
Tedesco
100%
Coreano
67%
Croato
67%
Danese
67%
Greco
67%
Rumeno
67%
Turco
67%
Bulgaro
33%
Catalano
33%
Ceco
33%
Estone
33%
Serbo
33%
Azero
0%
Telugu
0%
Ungherese
0%
Veneto
0%
Nessun quiz corrispondente trovato
Distribuzione punteggi
Percentuale di utenti per punteggio
Percentile per numero di risposta
I tuoi punteggi nel tempo
Non hai fatto questo quiz dall'ultimo reset